| 000 | 00519nam a22001337a 4500 | ||
|---|---|---|---|
| 003 | SGT | ||
| 082 |
_a617.69 _bC24G |
||
| 100 | _aGosain, Nishtha | ||
| 245 |
_aA comparative evaluation of the level of interproximal papilla and gingival esthetics around immediate loaded implants placed in maxillary and mandibular esthetic zone with two different provisionalization techniques _bAn In-Vivo study |
||
| 260 |
_aSGT University _bDept. of Prosthodontis _c2024 |
||
| 300 | _a90 | ||
| 650 | _aProsthodontics | ||
| 942 |
_2ddc _cTH |
||
| 999 |
_c27112 _d27112 |
||